000 00349pab a2200157 454500
008 180718b2006 xxu||||| |||| 00| 0 eng d
100 _aChristo, Glenn G.
245 _aTraining for the new economy
260 _c2006
300 _ap.20-24.
362 _aJul
650 _aTraining
650 _aEducation
773 _aSeminar
909 _a70169
999 _c70169
_d70169